LEADER 00859nam0-2200265 --450 001 9910295154603321 005 20181214130642.0 010 $a978--1-78471-657-8 100 $a20181214d--------kmuy0itay5050----ba 101 0 $aeng 102 $aGB 200 1 $aHuman rights and Islam$ean introduction to key debates between Islamic law and international human rights law$fAbdullah Saeed, 210 1$aCheltenham, UK$bEdward Elgar Publishing,$c2018 215 $av, 275 p.$d24 cm 225 1 $aElgar studies in human rights 610 0 $aDiritti umani$aAspetto religiosi$aIslam 676 $a341.4$v23$zita 700 1$aSaeed,$bAbdullah$0554927 801 0$aIT$bUNINA$gREICAT$2UNIMARC 901 $aBK 912 $a9910295154603321 952 $aDiritti Umani 5$b1787/18$fFSPBC 959 $aFSPBC 996 $aHuman rights and Islam$91540309 997 $aUNINA LEADER 01607nam 2200409Ia 450 001 996394427403316 005 20221108102309.0 035 $a(CKB)3810000000007202 035 $a(EEBO)2240890078 035 $a(OCoLC)16978404 035 $a(EXLCZ)993810000000007202 100 $a19871113d1680 uy | 101 0 $aeng 135 $aurbn||||a|bb| 200 14$aThe gentlemans guide, in three discourses$b[electronic resource] $efirst of travel, or a guide for travellers into foreign parts, secondly, of money or coyns, thirdly, of measuring of the distance betwixt place and place /$fby Edward Leigh .. 210 $aLondon $cPrinted for William Whitwood ...$d1680 215 $a[16], 87 p 300 $aEach part has special t.p. dated 1671: "A diatribe of travel", "A diatribe of mony or coyn," and "A diatribe of measuring of the distance betwixt place and place". 300 $a"First published 1671 under title: Three diatribes or discourses"--NUC pre-1956 imprints. 300 $aMarginal notes. 300 $aReproduction of original in Huntington Library. 320 $aIncludes bibliographical references. 330 $aeebo-0113 606 $aTravel$vEarly works to 1800 606 $aMoney$vEarly works to 1800 606 $aDistances$xMeasurement 615 0$aTravel 615 0$aMoney 615 0$aDistances$xMeasurement. 700 $aLeigh$b Edward$f1602-1671.$0792090 801 0$bEAH 801 1$bEAH 801 2$bWaOLN 906 $aBOOK 912 $a996394427403316 996 $aThe gentlemans guide, in three discourses$92403964 997 $aUNISA LEADER 01005nam a2200289 i 4500 001 991001641949707536 005 20020502193821.0 008 930924s1986 ||| ||| | eng 020 $a0043303765 035 $ab10883873-39ule_inst 035 $aLE02373593$9ExL 040 $aDip.to Studi Storici$bita 082 0 $a330.09 100 1 $aSchumpeter, Joseph A.$050457 245 10$aHistory of Economic Analysis /$cJoseph A. Schumpeter 260 $aLondon :$bAllen & Unwin,$c1986 300 $a1260 p. ;$c23 cm. 500 $aRistampa edizione 1954 650 4$aEconomia Politica$xStoria 650 4$aSchumpeter, Joseph A.$xOpere 700 1 $aSchumpeter, Elizabeth Boody 907 $a.b10883873$b21-09-06$c28-06-02 912 $a991001641949707536 945 $aLE023 330.09 SCH 1 1$g1$i2023000029503$lle023$o-$pE0.00$q-$rl$s- $t0$u6$v1$w6$x0$y.i10991001$z28-06-02 996 $aHistory of economic analysis$917618 997 $aUNISALENTO 998 $ale023$b01-01-93$cm$da $e-$feng$gxx $h0$i1